000 00541nam a22002177i 4500
001 5808
003 OSt
005 20180914121634.0
007 tu
008 161220s1995 gw ||||| |||| ||| ||ger|d
020 _a3-925450-48-3
024 7 _a5808
_2RID
024 7 _a5808
_2RSN (alt)
040 _cOSt
041 _ager
100 1 _aGrimm, Frank-Dieter
_eEd.
245 0 0 _aDer Wandel des ländlichen Raums in Südosteuropa
260 _aMünchen :
_bSüdosteuropa-Gesellschaft,
_c1995.
490 _aSüdosteuropa aktuell
_v19
942 _cB
999 _c5542
_d5542